Bilecik Bilecik Bilecik Bilecik Bilecik

Mechanics of composite materials / (Record no. 60789)

MARC details
000 -BAŞLIK
Sabit Uzunluktaki Kontrol Alanı 01218nam a22003857a 4500
001 - KONTROL NUMARASI
Control Dosyası 0060988
003 - KONTROL NUMARASI KİMLİĞİ
Kontrol Alanı KOHA_MİRAKIL
005 - EN SON İŞLEM TARİHİ ve ZAMANI
Kontrol Alanı 20260207004320.0
007 - FİZİKSEL TANIM SABİT ALAN - GENEL BİLGİ
Sabit uzunluklu kontrol alanı ta
008 - SABİT UZUNLUKTAKİ VERİ ÖGELERİ - GENEL BİLGİ
Sabit Alan 170912b2006 us |||gr||||#||||0|eng |
020 ## - ISBN - ULUSLARARASI STANDART KİTAP NUMARASI
Isbn 9780849313431
Kullanılabilirlik koşulları 343,6
040 ## - KATALOGLAMA KAYNAĞI
Özgün Kataloglama Kurumu TR-BiSEU
Kataloglama Dili tur
Çeviri Kurumu TR-BiSEU
Açıklama Kuralları rda
041 0# - DİL KODU
Metin ya da ses kaydının dil kodu eng
044 ## - YAYINLAYAN/ÜRETEN KURULUŞUN ÜLKE KODU
ISO country code us
050 ## - SINIFLAMA ve YER NUMARASI
Sınıflama Numarası TA418.9.C6
Yer Numarası K39 2006
100 1# - KİŞİ ADI
Yazar Adı (Kişi adı) Kaw, Autar K..
245 1# - ESER ADI BİLDİRİMİ
Başlık Mechanics of composite materials /
Sorumluluk Bildirimi Autar K. Kaw ; Autar K. Kaw.
250 ## - BASIM BİLDİRİMİ
Basım Bildirimi Second edition
264 #1 - ÜRERİM, YAYIN, DAĞITIM ve TELİF BİLDİRİMİ
Yayın yeri Boca Raton, FL :
Yayınlayan CRC Press
Yayın tarihi 2006
300 ## - FİZİKSEL TANIMLAMA
Sayfa, Cilt vb. 466 pages: illustrations; 25 cm.
336 ## - İÇERİK TÜRÜ
Content type term metin
Content type code txt
Source rdacontent
337 ## - MEDYA TÜRÜ
Media type term aracısız
Media type code n
Source rdamedia
338 ## - TAŞIYICI TÜRÜ
Carrier type term cilt
Carrier type code nc
Source rdacarrier
490 1# - DİZİ BİLDİRİMİ
Dizi Bildirimi Mechanical engineering ;
Cilt Numarası v.
490 1# - DİZİ BİLDİRİMİ
Dizi Bildirimi 29.
490 1# - DİZİ BİLDİRİMİ
Dizi Bildirimi Mechanical engineering series (Boca Raton, Fla.) ;
Cilt Numarası v.
490 1# - DİZİ BİLDİRİMİ
Dizi Bildirimi 29.
500 ## - GENEL NOT
Genel Not Includes bibliographical references and index.
650 #0 - KONU BAŞLIĞI EK GİRİŞ - KONU TERİMİ
Konusal terim veya coğrafi ad Composite materials--Mechanical properties.
9 (RLIN) 112894
830 1# - SERİ EK GİRİŞİ - TEKBİÇİM ESER ADI
Tekbiçim Başlık Mechanical engineering ;
Volume number/sequential designation v.
9 (RLIN) 112895
830 1# - SERİ EK GİRİŞİ - TEKBİÇİM ESER ADI
Tekbiçim Başlık 29.
9 (RLIN) 8492
830 1# - SERİ EK GİRİŞİ - TEKBİÇİM ESER ADI
Tekbiçim Başlık Mechanical engineering series (Boca Raton, Fla.) ;
Volume number/sequential designation v.
9 (RLIN) 112896
830 1# - SERİ EK GİRİŞİ - TEKBİÇİM ESER ADI
Tekbiçim Başlık 29.
9 (RLIN) 8492
942 ## - EK GİRİŞ ÖGELERİ (KOHA)
Source of classification or shelving scheme Library of Congress Classification
Koha item type Book
Holdings
Materyal Türü Kalıcı Konum Mevcut Konum Raf Yeri Sınıflandırma Kaynağı Edinim Bilgisi Ana Konular Alt Konular Yer Numarası Demirbaş Numarası Fatura Tarihi Geri Çekilme Durumu Kayıp Durumu Hasarlı Durumu Kredi için değil Kayıt Tarih Toplam Ödünçverme Son Görülme Tarihi Son Kontrol Tarihi
Book Prof. Dr. Azmi Özcan Kütüphanesi Prof. Dr. Azmi Özcan Kütüphanesi Birûni Salonu Library of Congress Classification Satın TEKNOLOJİ Mühendislik (Genel), İnşaat Mühendisliği (Genel) TA418.9.C6 K39 2006 0060988 02/02/2026         12/09/2017 1 05/12/2024 05/12/2024